000 00228nam a2200097Ia 4500
008 230915s9999 xx 000 0 und d
050 _aHD 9080.5 .Z45
100 _aVALARIE ZEITHAML
245 0 _aSERVICES MARKETING
942 _cBK
999 _c78063
_d78063